000 00619nam a2200241Ia 4500
003 OSt
005 20221007102002.0
006 a|||||r|||| 00| 0
007 ta
008 221006b |||||||| |||| 00| 0 eng d
024 _a9,075
037 _cTextual
040 _aLCO
_cLCO
_beng
041 _2eng
_aeng
082 _aZ,5v73,A, K9
100 _aMUELLER GERHAND O W
_9704087
245 0 _aCrime , Law and the Scholars.
260 _aLondon
_bHeinemann
_c1970
300 _a302
650 _aCRIME
942 _hZ,5v73,A, K9
_cTEXL
999 _c1178638
_d1178638